| Tag |
First Indicator |
Second Indicator |
Subfields |
| LEADER |
00000cam a2200000 i 4500 |
| 001 |
in00004169587 |
| 008 |
200220s2020 enka b 001 0 eng d |
| 005 |
20250318214758.6 |
| 020 |
|
|
|a 9781789381658
|
| 020 |
|
|
|a 1789381657
|q hardback
|
| 020 |
|
|
|z 9781789381672 (ePub ebook)
|
| 020 |
|
|
|z 9781789381665 (PDF ebook)
|
| 035 |
|
|
|a (OCoLC)on1144721827
|
| 035 |
|
|
|a (OCoLC)1144721827
|
| 040 |
|
|
|a UKMGB
|b eng
|e rda
|c UKMGB
|d OCLCO
|d BDX
|d YDX
|d UtOrBLW
|
| 050 |
|
4 |
|a PN741
|b .T35 2020
|
| 082 |
0 |
4 |
|a 809.911
|2 23
|
| 100 |
1 |
|
|a Takehana, Elise,
|e author.
|
| 245 |
1 |
4 |
|a The Baroque technotext :
|b literature in a digital mediascape /
|c Elise Takehana.
|
| 264 |
|
1 |
|a Bristol :
|b Intellect Books,
|c 2020.
|
| 300 |
|
|
|a xii, 202 pages :
|b illustrations ;
|c 25 cm
|
| 336 |
|
|
|a text
|2 rdacontent
|b txt
|
| 336 |
|
|
|a still image
|b sti
|2 rdacontent
|
| 337 |
|
|
|a unmediated
|2 rdamedia
|b n
|
| 338 |
|
|
|a volume
|2 rdacarrier
|b nc
|
| 504 |
|
|
|a Includes bibliographical references (pages 183-194) and index.
|
| 650 |
|
0 |
|a Baroque literature
|x History and criticism.
|0 http://id.loc.gov/authorities/subjects/sh2007101892
|
| 650 |
|
0 |
|a Aesthetics, Baroque.
|0 http://id.loc.gov/authorities/subjects/sh2011004431
|
| 650 |
|
0 |
|a Aesthetics in literature.
|0 http://id.loc.gov/authorities/subjects/sh93007960
|
| 650 |
|
0 |
|a Literature, Experimental
|x History and criticism.
|0 http://id.loc.gov/authorities/subjects/sh2009129980
|
| 776 |
0 |
8 |
|i Electronic version:
|a Takehana, Elise.
|t Baroque Technotext.
|d Bristol : Intellect Books Ltd, 2020
|z 1789381665
|w (OCoLC)1141517543
|
| 852 |
8 |
|
|b pda,print
|z This title is available for the library to purchase for your use. Click the "Purchase It For Me" button to place a request. This item may take 5-10 business days to arrive.
|
| 955 |
|
|
|a Print PDA title
|
| 961 |
|
|
|m 565730
|
| 999 |
f |
f |
|s 99b70cde-c0e8-4eb5-8c18-ce46eda3433b
|i 49fc3dee-46ad-3ca1-b8e0-17f17372d578
|t 0
|
| 952 |
f |
f |
|a Texas A&M University
|b College Station
|c Sterling C. Evans Library
|d Purchase on Demand
|t 0
|e PN741 .T35 2020
|h Library of Congress classification
|
| 998 |
f |
f |
|a PN741 .T35 2020
|t 0
|l Purchase on Demand
|